| 000 | 01279nam a2200373 i 4500 | ||
|---|---|---|---|
| 001 | 020145963 | ||
| 003 | EG-ScBUE | ||
| 005 | 20230307033157.0 | ||
| 008 | 210325t2022 nyua f 001 0 eng d | ||
| 020 | _a9781260597776 | ||
| 020 | _a1260597776 | ||
| 040 |
_aStDuBDS _beng _erda _cStDuBDS _dUk _dEG-ScBUE |
||
| 082 | 0 | 4 |
_a621.3 _222 _bRIZ |
| 100 | 1 |
_aRizzoni, Giorgio, _eauthor. |
|
| 245 | 1 | 0 |
_aFundamentals of electrical engineering / _cGiorgio Rizzoni, The Ohio State University, James Kearns, York College of Pennsylvania. |
| 250 | _aSecond edition. | ||
| 250 | _aInternational student edition. | ||
| 264 | 1 |
_aNew York : _bMcGraw-Hill, _c[2022] |
|
| 264 | 4 | _c©2022 | |
| 300 |
_axxv, 800 pages : _billustrations ; _c26 cm |
||
| 336 |
_atext _2rdacontent _btxt |
||
| 336 |
_astill image _2rdacontent _btxt |
||
| 337 |
_aunmediated _2rdamedia _bn |
||
| 338 |
_avolume _2rdacarrier _bnc |
||
| 500 | _aIncludes index. | ||
| 500 | _aIncludes appendix. | ||
| 650 | 7 |
_aElectrical engineering. _2BUEsh |
|
| 653 |
_bENGELC _cMarch2023 |
||
| 655 | _vReading book | ||
| 700 | 1 |
_aKearns, James _c(Associate professor of electrical & computer engineering) _eauthor. |
|
| 942 |
_2ddc _cBB |
||
| 999 |
_c30221 _d30192 |
||